A manifesto for social progress : (Record no. 39510)

MARC details
000 -LEADER
fixed length control field 01748cam a2200229 i 4500
020 ## - INTERNATIONAL STANDARD BOOK NUMBER
ISBN 9781108424783
020 ## - INTERNATIONAL STANDARD BOOK NUMBER
ISBN 9781108440929
082 00 - DEWEY DECIMAL CLASSIFICATION NUMBER
Classification number 306
Item number FLE-M
100 1# - MAIN ENTRY--AUTHOR NAME
Personal name Fleurbaey, Marc
Relator term author.
245 12 - TITLE STATEMENT
Title A manifesto for social progress :
Sub Title ideas for a better society /
Statement of responsibility, etc Marc Fleurbaey [et al.]
260 ## - PUBLICATION, DISTRIBUTION, ETC. (IMPRINT)
Place of publication UK:
Name of publisher Cambridge,
Year of publication 2018.
300 ## - PHYSICAL DESCRIPTION
Number of Pages xiii, 235p.
504 ## - BIBLIOGRAPHY, ETC. NOTE
Bibliography, etc Includes bibliographical references (pages 221-225) and index.
520 ## - SUMMARY, ETC.
Summary, etc At this time when many have lost hope amidst conflicts, terrorism, environmental destruction, economic inequality and the breakdown of democracy, this beautifully written book outlines how to rethink and reform our key institutions - markets, corporations, welfare policies, democratic processes and transnational governance - to create better societies based on core principles of human dignity, sustainability, and justice. This new vision is based on the findings of over 300 Social scientists involved in the collaborative, interdisciplinary international panel on social progress. Relying on state-of-the-art scholarship, these social scientists reviewed the desirability and possibility of all relevant forms of long-term social change, explored current challenges, and synthesized their knowledge on the principles, possibilities, and methods for improving the main institutions of modern societies. Their common finding is that a better society is indeed possible, its contours can be broadly described, and all we need is to gather forces toward realizing this vision.
650 #0 - SUBJECT ADDED ENTRY--TOPICAL TERM
Topical Term Social policy.
650 #0 - SUBJECT ADDED ENTRY--TOPICAL TERM
Topical Term Economic policy.
650 #0 - SUBJECT ADDED ENTRY--TOPICAL TERM
Topical Term Equality.
650 #0 - SUBJECT ADDED ENTRY--TOPICAL TERM
Topical Term Democracy.
700 1# - ADDED ENTRY--PERSONAL NAME
Personal name Bouin, Olivier
Relator term author.
700 1# - ADDED ENTRY--PERSONAL NAME
Personal name Kanbur, Ravi
Relator term author.
942 ## - ADDED ENTRY ELEMENTS (KOHA)
Source of classification or shelving scheme Dewey Decimal Classification
Koha item type Books
Holdings
Withdrawn status Lost status Damaged status Not for loan Home library Current library Date acquired Source of acquisition Cost, normal purchase price Bill Date Full call number Accession Number Cost, replacement price Price effective from Koha item type
        NASSDOC Library NASSDOC Library 22/03/2024 Ahuja Book Company Pvt. Ltd. 1107.21 21-03-2024 306 FLE-M 54530 1703.41 30/05/2024 Books